Tokora bahor sonar beji/ (Record no. 11555)

MARC details
000 -LEADER
fixed length control field 00520nam a22001937a 4500
005 - DATE AND TIME OF LATEST TRANSACTION
control field 20230608130417.0
008 - FIXED-LENGTH DATA ELEMENTS--GENERAL INFORMATION
fixed length control field 230608b ||||| |||| 00| 0 eng d
020 ## - INTERNATIONAL STANDARD BOOK NUMBER
International Standard Book Number 9788173313738
040 ## - CATALOGING SOURCE
Original cataloging agency IN-DiNC
Transcribing agency IN-DiNC
041 ## - LANGUAGE CODE
Language code of sung or spoken text Assamese
082 ## - DEWEY DECIMAL CLASSIFICATION NUMBER
Classification number 891.4513
Item number KAL
100 ## - MAIN ENTRY--PERSONAL NAME
Personal name Kalita, Arupa Patangiya
Relator term Author
245 ## - TITLE STATEMENT
Title Tokora bahor sonar beji/
Statement of responsibility, etc. by Arupa Patangiya Kalita
250 ## - EDITION STATEMENT
Edition statement 1st ed.
260 ## - PUBLICATION, DISTRIBUTION, ETC.
Place of publication, distribution, etc. Guwahati:
Name of publisher, distributor, etc. Lawyers book stall,
Date of publication, distribution, etc. 2017
300 ## - PHYSICAL DESCRIPTION
Extent 432p.
650 ## - SUBJECT ADDED ENTRY--TOPICAL TERM
Topical term or geographic name entry element Assamese novel
942 ## - ADDED ENTRY ELEMENTS (KOHA)
Source of classification or shelving scheme Dewey Decimal Classification
Koha item type Books
Holdings
Withdrawn status Lost status Source of classification or shelving scheme Damaged status Not for loan Collection code Home library Current library Shelving location Date acquired Cost, normal purchase price Total Checkouts Full call number Barcode Date last seen Date last checked out Copy number Price effective from Koha item type
    Dewey Decimal Classification     Assamese Naharkatiya College Library Naharkatiya College Library General Stacks 08/06/2023 270.00 1 891.4513 KAL 25922 23/06/2023 08/06/2023 1 08/06/2023 Books

Naharkatiya College © 2020. All rights reserved.

Powered By